00701nam a2200181Ia 4500008004100000041000800041082001700049100001600066245006900082250001200151260003300163300002700196365001600223700004700239906003200286999001900318952018200337230718s9999 xx 000 0 und d aeng a004.165bMAZ aMazidi M.A. a8051 Microcontroller And Embedded Systems bUsing Assembly And C a2nd ed. c2006bPrentice Hall Of India a626dRef 955 E (27104) cRs.b350.00 aMazidi M.A.; Mazidi J.G. & Mckinaly R.D. dB:271623-Jan-2007cETC b70 c315906d315906 00104070aCCEPbCCEPd2007-01-25ePradeep Book DistributorsfETC g280.00i2716l7o004.165pCCEP-BK-27113r2025-03-29 00:00:00s2025-03-19t70v350.00w2007-01-23yBKz027113